Sports Quiz

Random Sports or Olympics Quiz

2012 Summer Olympic Games Quiz Stats

Quiz not verified by Sporcle

Challenge
Share
Tweet
Embed
Score 0/36 Timer 03:00
0 Plays Today
% Correct
???
88.7%
???
88.7%
???
84.1%
???
83.1%
???
81.5%
???
74.2%
???
61.6%
???
59.3%
???
59.3%
???
59.3%
???
56.3%
???
55.6%
???
55.6%
???
54%
???
52.3%
???
52.3%
???
52%
???
49%
% Correct
???
48.7%
???
48%
???
47.7%
???
47%
???
47%
???
46.7%
???
46.7%
???
45.4%
???
45%
???
45%
???
44.7%
???
43.7%
???
43.4%
???
42.7%
???
41.4%
???
40.4%
???
39.4%
???
36.1%

You're not logged in!

Compare scores with friends on all Sporcle quizzes.
Sign Up with Email
OR
Log In

You Might Also Like...

Show Comments

Extras

Top Quizzes Today


Score Distribution

Your Account Isn't Verified!

In order to create a playlist on Sporcle, you need to verify the email address you used during registration. Go to your Sporcle Settings to finish the process.